| 000 | 00339nam a2200121Ia 4500 | ||
|---|---|---|---|
| 008 | 220204s9999 xx 000 0 und d | ||
| 082 |
_a681.31PAS _bGRA |
||
| 100 | _aGraham, Neill | ||
| 245 | 0 | _aIntroduction to computer science programming and problems solving with Pascal | |
| 250 | _aEd.4 | ||
| 260 |
_aBombay _bJaico _c1989 |
||
| 942 | _cBK | ||
| 999 |
_c40623 _d40623 |
||